000 00745nam a22001937a 4500
999 _c18412
_d18412
003 AR-CdUCM
008 190513b ||||| |||| 00| 0 spa d
040 _aMUNICIPALIDAD PROVINCIAL DEL CUSCO
_cBIBLIOTECA MUNICIPAL DEL CUSCO
082 _a110 /
_bS28
100 _aSciacca, Miguel F.
_938986
245 _aMetafísica, gnoseologia y moral /
260 _c1963.
_aMadrid :
_bGredos,
300 _a274 páginas ;
_c20 cm.
440 _aBiblioteca hispánica de filosofía.
_938987
505 _aContenido : Los fundamentos metafísicos y gnoseologicos -- La filosofía moral -- Las partes de la ética y la teoría de la voluntad -- La conciencia moral ...
650 _aMetafísica.
_92817
942 _2ddc
_cLIBROS
945 _arum
_d2019-05-13